00723nam a2200241 a 4500001001300000003000900013005001700022008004100039020001000080082001800090100002300108245004200131260004200173300000900215500003500224505001000259650002600269700002300295902000800318942000700326952013100333999001700464nice12345678IN_TiNIC20260116013516.0050524s1980 dela grp 000 0 eng  ac20000a954.0234bSAR aSaran-Lal, Kishori aHistory of the Khiljis A.D. 1290-1320 aDelhibMunshiram Manoharlal Pubc1980 a388p aincludes index and biblioraphy2 aIndex aIndia-History Khaljis1 aSaran-Lal, Kishori bSRS cBK 001040708StackRoom-aHMIbHMId2007-04-03g200.00l1o954.0234 SARp018173r2016-11-08s2016-10-31v200.00w2005-05-24yBK c11270d11270